000 00908nam a2200217Ii 4500
003 JO-AjNU
008 230605s9999||||xx |||||||||||||| ||und||
020 _a2-7451-0061-0
040 _aJO-AjNU
_bara
_erda
_cJO-AjNU
041 _aara
050 1 4 _aPJ6151.I27.2005
100 3 _aتأليف الأنصاري، جمال الدين بن هاشم ؛ قدم له ووضع حواشية وفهارسة حسن حمد ؛ أشرف علية وراجعة إميل بديع يعقوب,
_eauthor
_927053
245 0 0 _aمغنى اللبيب عن كتب الأعاريب
250 _aط2
264 3 1 _aبيروت: دار الكتب العلمية، 2005
300 _aم1،ج1، 725ص
336 _atext
_btxt
_2rdacontent
337 _aunmediated
_bn
_2rdamedia
338 _avolume
_bnc
_2rdacarrier
650 4 _aاللغة العربية -- النحو -- مغنى اللبيب عن كتب الأعاريب
_927054
999 _aA10328
_c13896
_d13896